000 00682nam a2200205Ia 4500
003 OSt
005 20240920085617.0
008 220927b |||||||| |||| 00| 0 eng d
040 _aSDCL
_cSDCL
_beng
041 _2eng
_aeng
082 _aRxM781 K7
100 _aSchilpp, Paul Arthur & Friedman, Maurice. Ed.
_9722690
245 0 _aPhilosophy of Martin Buber.
260 _aLondon:
_bCambridge University Press,
_c1967.
300 _axx,811p.
490 _aThe library of living philosophers Volume - XII.
700 _a Friedman Maurice Ed.
_9473594
942 _hRxM781 K7
_cTEXL
_2CC
999 _c786120
_d786120